[Event "Moscow op-A 13th"]
[Site "Moscow"]
[Date "2017.02.02"]
[Round "6"]
[White "Gavryushin, Dmitry"]
[Black "Divaev, Vadim"]
[Result "1-0"]
[WhiteElo "2120"]
[BlackElo "1798"]
[PlyCount "73"]
[EventDate "2017.01.28"]
[EventType "swiss"]
[EventRounds "9"]
[EventCountry "RUS"]
[SourceTitle "EXT 2018"]
[Source "ChessBase"]
[SourceDate "2017.10.13"]
[SourceVersion "1"]
[SourceVersionDate "2017.10.13"]
[SourceQuality "1"]

1. d4 d5 2. Nc3 Nf6 3. Bg5 e6 4. e4 dxe4 5. Nxe4 Be7 6. Bxf6 Bxf6 7. Nf3 0-0 8. c3 b6 9. Bd3 Bb7 10. Qe2 Nd7 11. 0-0-0 e5 12. dxe5 Bxe5 13. Bc2 Bf4+ 14. Kb1 Re8 15. Rhe1 Qe7 16. Qb5 Ne5 17. Nxe5 a6 18. Qd3 Bxe5 19. Nd6 g6 20. Nxe8 Qg5 21. g3 Rxe8 22. f4 Qh6 23. Rxe5 Rf8 24. Qe2 c5 25. h4 Bc6 26. f5 Qg7 27. Re1 a5 28. g4 a4 29. fxg6 hxg6 30. h5 g5 31. Qe3 f6 32. Re7 Rf7 33. Qe6 Qf8 34. Rxf7 Qxf7 35. Qc8+ Kg7 36. h6+ Kxh6 37. Qh8+ 1-0

[Event "Moscow op-A 13th"]
[Site "Moscow"]
[Date "2017.01.28"]
[Round "1"]
[White "Divaev, Vadim"]
[Black "Kovalev, Egor"]
[Result "0-1"]
[WhiteElo "1798"]
[BlackElo "2328"]
[PlyCount "37"]
[EventDate "2017.01.28"]
[EventType "swiss"]
[EventRounds "9"]
[EventCountry "RUS"]
[SourceTitle "EXT 2018"]
[Source "ChessBase"]
[SourceDate "2017.10.13"]
[SourceVersion "1"]
[SourceVersionDate "2017.10.13"]
[SourceQuality "1"]

1. d4 Nf6 2. Nf3 g6 3. g3 Bg7 4. Bg2 0-0 5. 0-0 d5 6. c4 Nc6 7. Nc3 dxc4 8. d5 Nb4 9. e4 c6 10. dxc6 Qxd1 11. Rxd1 Nxc6 12. Bf4 Be6 13. Nd2 Rad8 14. Bf1 Nh5 15. Be3 Ne5 16. Kg2 a6 17. f4 Nd3 18. Bxd3 Rxd3 19. Bc5 0-1

[Event "St Petersburg Summer op"]
[Site "St Petersburg"]
[Date "2016.08.25"]
[Round "9"]
[White "Mestnikov, Aital"]
[Black "Divaev, Vadim"]
[Result "1/2-1/2"]
[WhiteElo "2040"]
[BlackElo "1664"]
[PlyCount "80"]
[EventDate "2016.08.17"]
[EventType "swiss"]
[EventRounds "9"]
[EventCountry "RUS"]
[SourceTitle "CBM 174 Extra"]
[Source "ChessBase"]
[SourceDate "2016.10.10"]
[SourceVersion "1"]
[SourceVersionDate "2016.10.10"]
[SourceQuality "1"]

1. e4 e5 2. Nf3 Nf6 3. Nxe5 d6 4. Nf3 Nxe4 5. Nc3 Nxc3 6. dxc3 Be7 7. Bd3 0-0 8. Be3 Nd7 9. Qe2 Nf6 10. 0-0-0 Be6 11. Ng5 Qd7 12. Bd4 h6 13. Bxf6 Bxf6 14. Nh7 Rfe8 15. Nxf6+ gxf6 16. Qe4 f5 17. Qf4 Kg7 18. h3 Qe7 19. Bxf5 Qf6 20. Qg4+ Qg5+ 21. Qxg5+ hxg5 22. Bxe6 Rxe6 23. Rhe1 Rae8 24. Kd2 f5 25. Rxe6 Rxe6 26. Re1 Re5 27. Rxe5 dxe5 28. Ke3 Kf6 29. g3 c6 30. a4 b6 31. c4 Kg6 32. b4 Kf6 33. f4 gxf4+ 34. gxf4 e4 35. Kf2 Kg6 36. Kg2 Kh6 37. Kf2 Kg6 38. Kg2 Kh6 39. Kf2 Kg6 40. Kg2 Kh6 1/2-1/2

[Event "St Petersburg Summer op"]
[Site "St Petersburg"]
[Date "2016.08.24"]
[Round "8"]
[White "Divaev, Vadim"]
[Black "Zhemchuzhina, Elizaveta"]
[Result "1-0"]
[WhiteElo "1664"]
[BlackElo "1867"]
[PlyCount "53"]
[EventDate "2016.08.17"]
[EventType "swiss"]
[EventRounds "9"]
[EventCountry "RUS"]
[SourceTitle "CBM 174 Extra"]
[Source "ChessBase"]
[SourceDate "2016.10.10"]
[SourceVersion "1"]
[SourceVersionDate "2016.10.10"]
[SourceQuality "1"]

1. d4 Nf6 2. Nf3 e6 3. c4 b6 4. Nc3 Bb4 5. e3 Ne4 6. Qc2 Bb7 7. Bd3 f5 8. 0-0 Bxc3 9. bxc3 d6 10. d5 exd5 11. cxd5 Bxd5 12. c4 Bb7 13. Nd4 Qg5 14. f3 Nc5 15. Bxf5 Nc6 16. Re1 Ne7 17. e4 Qh5 18. e5 0-0 19. Bg4 Qg6 20. exd6 cxd6 21. Rxe7 Qf6 22. Nf5 Qxa1 23. Rxg7+ Kh8 24. Qb2 Qxb2 25. Bxb2 Nd3 26. Rg8+ Kxg8 27. Nh6# 1-0

[Event "St Petersburg Summer op"]
[Site "St Petersburg"]
[Date "2016.08.21"]
[Round "5"]
[White "Efremov, Vladislav"]
[Black "Divaev, Vadim"]
[Result "0-1"]
[WhiteElo "1937"]
[BlackElo "1664"]
[PlyCount "80"]
[EventDate "2016.08.17"]
[EventType "swiss"]
[EventRounds "9"]
[EventCountry "RUS"]
[SourceTitle "CBM 174 Extra"]
[Source "ChessBase"]
[SourceDate "2016.10.10"]
[SourceVersion "1"]
[SourceVersionDate "2016.10.10"]
[SourceQuality "1"]

1. d4 Nf6 2. c4 e6 3. Nf3 d5 4. Bg5 Be7 5. e3 0-0 6. Nbd2 Nbd7 7. Qc2 c6 8. Bd3 h6 9. Bh4 dxc4 10. Nxc4 c5 11. 0-0 Nd5 12. Bxe7 Qxe7 13. a3 b6 14. Qd2 Bb7 15. Rfe1 Rfd8 16. e4 Nc7 17. Qf4 Nf6 18. e5 Nfe8 19. Be4 Nd5 20. Qd2 cxd4 21. Nxd4 Qd7 22. Rad1 Rac8 23. Ne3 Nxe3 24. Bxb7 Nxd1 25. Bxc8 Qxd4 26. Qxd4 Rxd4 27. b4 Nc3 28. f3 Rd1 29. Kf2 Rxe1 30. Kxe1 Nc7 31. Kd2 N3d5 32. g3 Nb5 33. a4 Nd4 34. a5 Nxf3+ 35. Kd3 Nxe5+ 36. Kd4 Nc6+ 37. Kc4 Ncxb4 38. axb6 axb6 39. Bb7 f5 40. Bxd5 Nxd5 0-1